000 00629nam a2200277Ia 4500
005 20260324125930.0
008 008 260324s9999 xx 000 0 eng d
020 _a9781315174037
037 _aEBOOK
040 _aCRL
040 _beng
040 _cCRL
041 _2eng
041 _aeng
084 _qCRL
100 _aMarilyn Harvey
_91179881
245 0 _aMind Matters - Self Esteem
260 _bTaylor and Francis
260 _c2008
365 _a
365 _b165
856 _uhttp://www.taylorfrancis.com/books/9781315174037
942 _cEBOOK
999 _c1775559
_d1775559